| 000 | 00324nam a2200121Ia 4500 | ||
|---|---|---|---|
| 008 | 210430s9999 xx 000 0 und d | ||
| 082 | _a551.524 W438 A | ||
| 100 | _aNeil Wells | ||
| 245 | 4 |
_aThe Atmosphere and Ocean _cNeil Wells |
|
| 260 |
_aIslamabad _bNational Book Foundation _c1997 |
||
| 300 | _a394p | ||
| 942 |
_cBK _2ddc |
||
| 999 |
_c563411 _d563411 |
||